Ökologische Biochemie /

Salvato in:
Dettagli Bibliografici
Autore principale: Schlee, Dieter (Autore)
Natura: Libro
Lingua:tedesco
Pubblicazione: Jena : VEB Gustav Fischer Verlag, 1986
Tags: Aggiungi Tag
Nessun Tag, puoi essere il primo ad aggiungerne!!

MARC

LEADER 00000nam a22000003a 4500
001 stu18607
005 20150617225756.4
008 920416s1986----gw------------------ger-d
040 |a STU  |b slo 
041 0 |a ger 
044 |a gw 
080 |a 577.1+502.5  |7 stu_us_auth*stu4865 
100 1 |a Schlee, Dieter  |4 aut 
245 1 |a Ökologische Biochemie /  |c [aut.]Schlee,Dieter 
260 |a Jena :  |b VEB Gustav Fischer Verlag,  |c 1986 
300 |a 355 s :  |b Tab.,grafy,lit.,index 
996 |b C89713  |c C*89713  |l CCXXVI  |s P  |a 0  |w stu18607_0001